Εικόνες - μηνύματα και ερμηνείες : απλά μαθήματα κοινωνιολογίας στην εποχή της εικόνας
Αποθηκεύτηκε σε:
| Κύριος συγγραφέας: | |
|---|---|
| Άλλοι συγγραφείς: | |
| Μορφή: | Βιβλίο |
| Γλώσσα: | Greek |
| Δημοσίευση: |
Μυτιλήνη :
Δημου Εργία,
c2020.
|
| Θέματα: | |
| Ετικέτες: |
Προσθήκη ετικέτας
Δεν υπάρχουν, Καταχωρήστε ετικέτα πρώτοι!
|
MARC
| LEADER | 00000cam a2200000 a 4500 | ||
|---|---|---|---|
| 001 | 1/124061 | ||
| 008 | 211207s2020####gr a ||| |||| ||gre|| | ||
| 020 | |a 9786188439740 | ||
| 040 | |a GR-MyUa |b gre |c GR-MyUa |e AACR2 | ||
| 041 | 0 | |a gre | |
| 082 | 7 | |a 30.72 |2 (23) | |
| 100 | 1 | |a Χτούρης, Σωτήρης Ν. | |
| 245 | 1 | 0 | |a Εικόνες - μηνύματα και ερμηνείες : |b απλά μαθήματα κοινωνιολογίας στην εποχή της εικόνας / |c Σωτήρης Χτούρης, Φλώρα Τζελέπογλου. |
| 260 | |a Μυτιλήνη : |b Δημου Εργία, |c c2020. | ||
| 300 | |a 241 σ. : |b εικ., |c 23 εκ. | ||
| 504 | |a Περιλαμβάνει βιβλιογραφικές παραπομπές. | ||
| 650 | 0 | |a Sociology |x Philosophy. | |
| 650 | 0 | |a Sociology, Urban | |
| 650 | 0 | |a Social sciences |x Research |x Methodology. | |
| 650 | 0 | |a Sociology |x Methodology. | |
| 700 | 1 | |a Τζελέπογλου, Φλώρα. | |
| 852 | |a INST |b LESVOS |e 20211207 |h 300.72 ΧΤΟ |p 005100063769 |q 005100063769 |t EDX |y 0 | ||
| 920 | |a Εύδοξος |b Επιστροφή |y Λέσβος-ΤΚ |z 2021-12 | ||
| 970 | |a Καμάτσου |b Δέσποινα |z 07-12-2021 | ||